Carreau, Coeur, Pique ou Trèfle ? - Statistiques

Statistiques générales
  • Ce quiz a été pris 99 fois
  • Le résultat moyen est 22 sur 30
Statistiques - réponses
Hint Réponse % Correct
Chanteuse, auteure-compositrice-interprète et pianiste canadienne, née le 22 septembre 1989 : _________ de pirate Coeur
98%
Être sur ses gardes, ne pas se manifester, s'efforcer de passer inaperçu, se contrôler, se taire : se tenir à ___________ Carreau
96%
Personne qui se fait inviter, qui s'impose à l'heure du repas : _________ - assiette Pique
96%
À 4, selon la croyance populaire, il porte bonheur à celui qui le découvre Trèfle
96%
Considéré comme un légume, partie centrale du stipe des palmiers : __________ de palmier Coeur
95%
Complète avec une Orthographe approximative cette comptine : Am, stram, gram,
_________ et _________et colégram
Pique
95%
Être abandonné dans une situation difficile : Rester / être laissé sur le __________ Carreau
93%
Organe qui assure la circulation sanguine chez de nombreux animaux dont les vertébrés, les arthropodes et les mollusques Coeur
93%
Série télévisée française en 148 épisodes de 26 minutes de 2006 à 2011 : ___________ Océan Coeur
91%
Plaque de verre de petite taille utilisée comme vitrage Carreau
90%
Né le 2 février 1987 à Barcelone, ancien footballeur international espagnol : Gerard __________ Pique
89%
Phrase destinée à humilier ou blesser la personne à qui elle est destinée, ou à tout le moins lui manquer de respect Pique
87%
Série télévisée australienne en 210 épisodes de 45 minutes de 1994 à 1999 : Hartley, __________ à vif Coeur
84%
Procédé de reproduction et d'agrandissement de dessins par quadrillage : Mise au __________ Carreau
83%
Apparaît sur les logos du club de football du Celtic Glasgow, du club américain de basket-ball des Celtics de Boston ainsi que sur celui du club omnisports du Panathinaïkos Trèfle
83%
Expression de la pétanque lorsque la boule tirée prend la place exacte d'une autre boule déjà lancée sur le jeu : faire un __________ Carreau
77%
Celle parmi les 4 propositions qui rapporte le moins de point au scrabble Coeur
68%
Tige escamotable supportant le poids du violoncelle, de la contrebasse et également de la clarinette basse et du contrebasson Pique
68%
Marque de papier toilette du groupe Sofidel Trèfle
68%
Chanson avec laquelle Zoé Clauzure a gagné le concours Eurovision de la chanson junior 2023 Coeur
62%
Espèce d'insectes coléoptères de la famille des Scarabaeidae, de la sous-famille des Cetoniinae (cétoines) : ________ - prune Pique
61%
Album de Clara Luciani de 2021 Coeur
59%
Celle parmi les 4 propositions qui rapporte le plus de point au scrabble Pique
59%
Trait d'arbalète à pointe de fer pyramidale ayant pour but de perforer : __________ d'arbalète Carreau
50%
Dans le calendrier républicain, nom attribué au 3e jour du mois de prairial Trèfle
49%
Un des noms communs pour le carassin, poisson de la famille des cyprinidés Carreau
48%
Seul nœud premier avec trois croisements : nœud de __________ Trèfle
42%
Surnom donné à la Citroën 5 HP (1922) offrant 3 places disposées en quinconce Trèfle
41%
Désigne une maladie infantile caractérisée par un ventre anormalement dur : avoir le _________ Carreau
36%
Depuis le 1er janvier 2016, commune nouvelle française située dans la Charente-Maritime en région Nouvelle-Aquitaine de 773 habitants (2022) : Réaux sur _________ Trèfle
29%
Aucun quiz correspondant
Distribution des résultats
% des personnes avec chaque résultat
Percentile par nombre de réponses
Votre historique - résultats
Vous n’avez pas pris ce quiz